00382nam a2200121Ia 4500008004100000082001500041100002200056245005100078260003900129300001000168630001800178650006400196211109s9999||||xx |||||||||||||| ||und|| a828bGEO-C aGeorge, Gascoigne 0aCertayne Notes of Instruction in English Verse bNATIONAL BOOKSTALLaKottayamc1901 a119p. xGeneral Stack aEnglish LitertaurevEnglish Miscelleneous WritingsxEnglish